<?xml version="1.0" encoding="UTF-8"?>
<record
    xmlns:xsi="http://www.w3.org/2001/XMLSchema-instance"
    xsi:schemaLocation="http://www.loc.gov/MARC21/slim http://www.loc.gov/standards/marcxml/schema/MARC21slim.xsd"
    xmlns="http://www.loc.gov/MARC21/slim">

  <leader>01802nam a22003497a 4500</leader>
  <controlfield tag="001">310</controlfield>
  <controlfield tag="003">OSt</controlfield>
  <controlfield tag="005">20250528074017.0</controlfield>
  <controlfield tag="008">250325b        |||||||e |||| 00| f eng d</controlfield>
  <datafield tag="040" ind1=" " ind2=" ">
    <subfield code="b">por</subfield>
  </datafield>
  <datafield tag="041" ind1=" " ind2=" ">
    <subfield code="h">eng</subfield>
    <subfield code="a">por</subfield>
  </datafield>
  <datafield tag="082" ind1=" " ind2=" ">
    <subfield code="a">028.5</subfield>
    <subfield code="b">S977v</subfield>
  </datafield>
  <datafield tag="100" ind1="1" ind2=" ">
    <subfield code="a">Swift, Jonathan,</subfield>
    <subfield code="d">1667-1745</subfield>
    <subfield code="9">577</subfield>
  </datafield>
  <datafield tag="240" ind1=" " ind2=" ">
    <subfield code="a">Gulliver&#x2019;s Travels</subfield>
  </datafield>
  <datafield tag="245" ind1=" " ind2=" ">
    <subfield code="a">Viagens de Gulliver / </subfield>
    <subfield code="c">Swift, Jonathan ; Tradu&#xE7;&#xE3;o, adapta&#xE7;&#xE3;o, apresenta&#xE7;&#xE3;o e notas de Paulo Sergio de Vasconcellos</subfield>
  </datafield>
  <datafield tag="260" ind1=" " ind2=" ">
    <subfield code="a">S&#xE3;o Paulo</subfield>
    <subfield code="b">Sol</subfield>
    <subfield code="c">2000</subfield>
  </datafield>
  <datafield tag="300" ind1=" " ind2=" ">
    <subfield code="a">136 p.</subfield>
  </datafield>
  <datafield tag="490" ind1="1" ind2=" ">
    <subfield code="a">Objetivo</subfield>
  </datafield>
  <datafield tag="520" ind1=" " ind2=" ">
    <subfield code="a">&#xC9; dif&#xED;cil encontrar quem n&#xE3;o tenha ao menos ouvido falar de Gulliver, que visitou o pa&#xED;s onde os homens eram pequen&#xED;ssimos. Afinal, o livro de Jonathan Swift &#xE9; um daqueles poucos cl&#xE1;ssicos que criam personagens quase m&#xED;ticas, revividas de gera&#xE7;&#xE3;o a gera&#xE7;&#xE3;o. Assim, mesmo quem n&#xE3;o leu Viagens de Gulliver, de algum modo teve sua imagina&#xE7;&#xE3;o tocada pela obra. Mas para seus bons leitores, o livro reserva muito mais que aventura de um viajante por um pa&#xED;s de seres e objetos de tamanho reduzido, e muito mais que um puro relato de aventuras, pois nele s&#xE3;o impiedosamente satirizadas as mesquinharias da pol&#xED;tica, as pretens&#xF5;es da vaidade e do orgulho, a sede de poder e outros v&#xED;cios e crimes de que &#xE9; capaz o hom&#xFA;nculo-Yahoo de todas as &#xE9;pocas e de todos os pa&#xED;ses.</subfield>
  </datafield>
  <datafield tag="650" ind1=" " ind2="0">
    <subfield code="a">Literatura Inglesa</subfield>
    <subfield code="9">89</subfield>
  </datafield>
  <datafield tag="650" ind1=" " ind2="0">
    <subfield code="a">Adapta&#xE7;&#xE3;o</subfield>
    <subfield code="9">788</subfield>
  </datafield>
  <datafield tag="650" ind1=" " ind2="0">
    <subfield code="a">Infantojuvenil</subfield>
    <subfield code="9">200</subfield>
  </datafield>
  <datafield tag="650" ind1=" " ind2="0">
    <subfield code="a">Cl&#xE1;ssicos</subfield>
    <subfield code="9">77</subfield>
  </datafield>
  <datafield tag="650" ind1=" " ind2="0">
    <subfield code="a">Cr&#xED;tica social</subfield>
    <subfield code="9">514</subfield>
  </datafield>
  <datafield tag="650" ind1=" " ind2="0">
    <subfield code="a">Politica</subfield>
    <subfield code="9">138</subfield>
  </datafield>
  <datafield tag="650" ind1=" " ind2="0">
    <subfield code="a">Viagens</subfield>
    <subfield code="9">189</subfield>
  </datafield>
  <datafield tag="655" ind1=" " ind2="0">
    <subfield code="a">Romance</subfield>
    <subfield code="9">23</subfield>
  </datafield>
  <datafield tag="655" ind1=" " ind2="0">
    <subfield code="a">Fic&#xE7;&#xE3;o </subfield>
    <subfield code="9">22</subfield>
  </datafield>
  <datafield tag="700" ind1=" " ind2=" ">
    <subfield code="a">Paulo S&#xE9;rgio de Vasconcellos</subfield>
    <subfield code="e">Tradu&#xE7;&#xE3;o</subfield>
    <subfield code="e">Adapta&#xE7;&#xE3;o</subfield>
    <subfield code="e">Apresenta&#xE7;&#xE3;o</subfield>
    <subfield code="e">Notas</subfield>
    <subfield code="9">614</subfield>
  </datafield>
  <datafield tag="830" ind1=" " ind2=" ">
    <subfield code="a">Objetivo</subfield>
    <subfield code="9">615</subfield>
  </datafield>
  <datafield tag="942" ind1=" " ind2=" ">
    <subfield code="2">ddc</subfield>
    <subfield code="n">0</subfield>
    <subfield code="c">BK</subfield>
  </datafield>
  <datafield tag="952" ind1=" " ind2=" ">
    <subfield code="0">0</subfield>
    <subfield code="1">0</subfield>
    <subfield code="2">ddc</subfield>
    <subfield code="4">0</subfield>
    <subfield code="7">0</subfield>
    <subfield code="8">FIC</subfield>
    <subfield code="a">BIBIB</subfield>
    <subfield code="b">BIBIB</subfield>
    <subfield code="c">IJ</subfield>
    <subfield code="d">2025-03-25</subfield>
    <subfield code="e">doa&#xE7;&#xE3;o</subfield>
    <subfield code="l">0</subfield>
    <subfield code="o">IJ 028.5 / S977v</subfield>
    <subfield code="p">2025-17262</subfield>
    <subfield code="r">2025-03-25 09:03:36</subfield>
    <subfield code="t">Ex. 01</subfield>
    <subfield code="w">2025-03-25</subfield>
    <subfield code="y">BK</subfield>
  </datafield>
  <datafield tag="999" ind1=" " ind2=" ">
    <subfield code="c">310</subfield>
    <subfield code="d">310</subfield>
  </datafield>
</record>
